Los del Espacio - Estadísticas

Estadísticas generales
  • Esta prueba ha sido intentada 113 veces
  • La puntuación promedio es 338 de 490
Estadísticas de respuestas
Letra % Correcto
a
99%
A
99%
de
97%
lo
97%
Lo
97%
Es
96%
es
96%
espacio
96%
Las
96%
los
96%
Los
96%
del
94%
un
94%
no
93%
te
93%
Te
93%
una
92%
y
92%
Y
92%
con
91%
pa
90%
Ca
88%
dar
88%
gata
88%
invito
88%
invitó
88%
la
88%
La
88%
se
88%
88%
Se
88%
el
87%
El
87%
Él
87%
si
87%
pone
85%
vuelta
85%
fue
84%
que
84%
Que
84%
qué
84%
al
83%
En
83%
en
83%
yo
83%
Yo
83%
le
82%
Le
82%
noche
82%
ponen
82%
di
81%
Esta
81%
esta
81%
está
81%
gimnasio
81%
van
81%
gato
80%
Me
79%
me
79%
sol
76%
fuerte
75%
to
75%
hasta
73%
cámara
72%
cansancio
72%
cuenta
71%
diste
71%
lenta
71%
loco
71%
o
71%
salga
71%
tu
71%
71%
71%
termina
70%
sienten
67%
todo
67%
conmigo
66%
party
66%
pediste
66%
ahora
65%
para
65%
pegaste
65%
revienta
65%
30
64%
caiga
64%
día
64%
fuego
64%
tienta
64%
70
63%
cerramos
63%
fernet
63%
Mi
63%
mi
63%
63%
robo
63%
dónde
62%
donde
62%
Donde
62%
caso
61%
como
61%
Cómo
61%
Esperé
61%
hice
61%
hubo
60%
nos
60%
Nos
60%
cenizas
58%
quedan
58%
sin
58%
suelta
58%
space
57%
ya
57%
hace
55%
baila
53%
pasa
53%
arena
51%
dijo
51%
face
51%
mar
51%
puse
51%
Ese
49%
pista
49%
playa
49%
rato
49%
supiste
49%
baile
48%
casa
48%
culito
48%
llevo
48%
mato
48%
sabía
48%
sirena
48%
tesi
48%
estudié
47%
Hoy
47%
mano
47%
morena
47%
crazy
46%
porque
46%
vamo
46%
alcohol
45%
amor
45%
eres
45%
otro
45%
gusta
44%
Mezclamo
44%
Nena
44%
prende
44%
sale
44%
verano
44%
vernos
44%
Aprovéchame
43%
buena
43%
lejano
43%
lugar
43%
Miami
43%
pasar
43%
Salió
43%
X
43%
des
42%
garantí
42%
llegan
42%
mami
42%
miran
42%
mundo
42%
aire
40%
nadie
40%
pásalo
40%
perfecta
40%
plano
40%
prioridad
40%
soy
40%
Todos
40%
triple
40%
after
39%
Amanecimos
39%
cada
39%
campeón
39%
house
39%
humo
39%
Juntos
39%
primera
39%
tan
39%
Valenti
39%
baby
38%
habitación
38%
Hicimo
38%
jugando
38%
profesional
38%
vez
38%
argentinos
37%
bailando
37%
cuando
37%
esto
37%
fuimos
37%
innato
37%
internacional
37%
mejor
37%
quiere
37%
quitamo
37%
Vino
37%
gustan
36%
Nunca
36%
acelera
35%
cree
35%
cuerpo
35%
dime
35%
momento
35%
pegamo
35%
territorio
35%
velocidad
35%
bestie
34%
carrera
34%
echando
34%
quemó
34%
Conquista
33%
besito
31%
fatality
31%
ganaste
31%
selfie
31%
pregunta
30%
afuera
29%
conocen
28%
location
28%
tas
28%
waze
28%
Dame
26%
maté
25%
okey
25%
reguetón
25%
XTentacion
25%
mándame
22%
eh
21%
gusto
21%
MAWZ
17%
Robamo
10%
No se encontraron pruebas coincidentes
Distribución de puntuación
Porcentaje de gente con cada puntuación
Porcentaje por número respondido
Historial de tus puntuaciones
No has intentado esta prueba.